000 01347cad a22002415a 4500
001 L137572
008 070416s2007 xxkbdo f f000 0 eng d
035 _a(Sirsi) u137572
041 0 _aeng
050 0 4 _a692.21 $2 18
110 1 _aUnited Kingdom
_bDepartment for Communities and Local Government
_94939
245 0 0 _aDevelopment of a lower-cost sprinkler system for domestic premises in the UK
260 _aLondon
_bDCLG
_c2007
490 0 _aDepartment for Communities and Local Government Fire Research Technical Report
_v2/2007
520 _aDescribes a prototype sprinkler system which offers the potential to reduce fire deaths in UK dwellings at lower costs than those for traditional systems. The savings result from combining the domestic water and sprinkler pipe distribution networks which allows a reliance on town mains pressure and the exclusion of expensive maintenance equipment. Inherent in the system design is the upgrading of the water supply pipe to the house from the town main to 32mm pipe.
590 _aKA
650 2 4 _aFIRE PREVENTION
651 4 _aUnited Kingdom
_y
690 _aMANAGEMENT-HEALTH AND SAFETY-FIRE SAFETY
710 1 _aFire Protection Association
_9231
856 4 0 _uhttps://www.communities.gov.uk/index.asp?id=1509323
_zView the item free of charge at www.communities.gov.uk...
942 _n0
999 _c106829
_d106829